LIBRARY & INFORMATION CENTRE, KCAET, TAVANUR

ONLINE PUBLIC ACCESS CATALOGUE (OPAC)

Environmental monitoring and characterization / (Record no. 13151)

MARC details
000 -LEADER
fixed length control field 00454cam a2200169ua 4500
041 ## - LANGUAGE CODE
Language code of text/sound track or separate title eng
082 ## - DEWEY DECIMAL CLASSIFICATION NUMBER
Classification number 628
Item number ART/EN
100 ## - MAIN ENTRY--AUTHOR NAME
Personal name Artiola, Janick F .
245 ## - TITLE STATEMENT
Title Environmental monitoring and characterization /
260 ## - PUBLICATION, DISTRIBUTION, ETC. (IMPRINT)
Place of publication New York :
Name of publisher Academic Press ,
Year of publication 2006.
300 ## - PHYSICAL DESCRIPTION
Number of Pages 410 ; .
700 1# - ADDED ENTRY--PERSONAL NAME
Personal name Brusseau, Mark L .
700 1# - ADDED ENTRY--PERSONAL NAME
Personal name Pepper, Ian L .
942 ## - ADDED ENTRY ELEMENTS (KOHA)
Koha item type Books
Holdings
Withdrawn status Lost status Damaged status Home library Current library Date acquired Full call number Accession Number Koha item type
      KAUAET KAUAET 07/04/2012 628 21516 Reference
free website counter